Operations management: strategy and analysis (Record no. 33217)

MARC details
000 -LEADER
fixed length control field 00420nam a2200169Ia 4500
020 ## - INTERNATIONAL STANDARD BOOK NUMBER
ISBN 0136375618
050 ## - CALL MARK
Classification number HD 30 .25. M25/
100 ## - STATEMENT OF RESPONSIBILITY--MAIN AUTHOR NAME
Personal name McClain, John O.
245 #0 - TITLE STATEMENT
Title Operations management: strategy and analysis
260 ## - PUBLICATION, DISTRIBUTION, ETC. (IMPRINT)
Name of publisher Prentice- Hall
260 ## - PUBLICATION, DISTRIBUTION, ETC. (IMPRINT)
Year of publication 1980
300 ## - PHYSICAL DESCRIPTION
Number of Pages 706 p
650 ## - SUBJECT ADDED ENTRY--TOPICAL TERM
Topical Term Operations research
942 ## - ADDED ENTRY ELEMENTS (KOHA)
Koha item type Books
Holdings
Withdrawn status Lost status Source of classification or shelving scheme Damaged status Not for loan Permanent Location Current Location Shelving location Date acquired Accession Number Price effective from Koha item type
    Library of Congress Classification     NILE UNIVERSITY OF NIGERIA - MAIN LIBRARY NILE UNIVERSITY OF NIGERIA - MAIN LIBRARY Items on shelf 04/23/2025 0002859 04/23/2025 Books